Bully B.E.A.N.S. / (Record no. 1620)
[ view plain ]
| 000 -LEADER | |
|---|---|
| fixed length control field | 01081cam a2200301 i 4500 |
| 005 - DATE AND TIME OF LATEST TRANSACTION | |
| control field | 20231204103659.0 |
| 020 ## - INTERNATIONAL STANDARD BOOK NUMBER | |
| International Standard Book Number | 9781931636490 |
| 040 ## - CATALOGING SOURCE | |
| Original cataloging agency | YDX |
| Language of cataloging | eng |
| Transcribing agency | YDX |
| Description conventions | rda |
| Modifying agency | OCP |
| -- | OCLCF |
| -- | CLE |
| -- | OCLCO |
| -- | DLC |
| 050 00 - LIBRARY OF CONGRESS CALL NUMBER | |
| Classification number | PZ7.C76982 |
| Item number | 2009 |
| 082 04 - DEWEY DECIMAL CLASSIFICATION NUMBER | |
| Classification number | 302.3 |
| 100 1# - MAIN ENTRY--PERSONAL NAME | |
| Personal name | Cook, Julia |
| Dates associated with a name | 1964- |
| Relator term | author |
| 245 10 - TITLE STATEMENT | |
| Title | Bully B.E.A.N.S. / |
| Statement of responsibility, etc. | written by Julia Cook ; illustrations by Tammie Lyon. |
| 246 3# - VARYING FORM OF TITLE | |
| Title proper/short title | Bully BEANS |
| 260 ## - PUBLICATION, DISTRIBUTION, ETC. | |
| Place of publication, distribution, etc. | Chattanooga : |
| Name of publisher, distributor, etc. | National Center for Youth Issues, |
| Date of publication, distribution, etc. | 2009 |
| 300 ## - PHYSICAL DESCRIPTION | |
| Extent | 30 unnumbered pages : |
| Other physical details | color illustrations |
| Dimensions | 21 cm |
| 490 ## - SERIES STATEMENT | |
| Series statement | National center for youth issue |
| 505 ## - FORMATTED CONTENTS NOTE | |
| Formatted contents note | M <br/> |
| 520 ## - SUMMARY, ETC. | |
| Summary, etc. | An illustrated tale that teaches both children and adults how to be proactive when confronted by bullying. |
| 521 ## - TARGET AUDIENCE NOTE | |
| Target audience note | 530 <br/> |
| Source | Lexile <br/> |
| 521 ## - TARGET AUDIENCE NOTE | |
| Target audience note | M <br/> |
| Source | Raz-Plus <br/> |
| 650 #0 - SUBJECT ADDED ENTRY--TOPICAL TERM | |
| Topical term or geographic name entry element | Bullying |
| Form subdivision | Juvenile fiction. |
| 650 #0 - SUBJECT ADDED ENTRY--TOPICAL TERM | |
| Topical term or geographic name entry element | Bullying |
| General subdivision | Prevention |
| Form subdivision | Juvenile fiction. |
| 655 #0 - INDEX TERM--GENRE/FORM | |
| Genre/form data or focus term | Picture books for children. |
| 700 1# - ADDED ENTRY--PERSONAL NAME | |
| Personal name | Dufalla, Anita |
| Relator term | illustrator |
| 906 ## - LOCAL DATA ELEMENT F, LDF (RLIN) | |
| a | 7 |
| b | cbc |
| c | copycat |
| d | 2 |
| e | epcn |
| f | 20 |
| g | y-gencatlg |
| 942 ## - ADDED ENTRY ELEMENTS (KOHA) | |
| Source of classification or shelving scheme | Dewey Decimal Classification |
| Koha item type | Books |
| Suppress in OPAC | No |
| 999 ## - | |
| -- | 1620 |
| -- | 1620 |
| Withdrawn status | Lost status | Source of classification or shelving scheme | Damaged status | Not for loan | Collection | Home library | Current library | Shelving location | Date acquired | Total Checkouts | Full call number | Barcode | Date last seen | Date last checked out | Price effective from | Koha item type |
|---|---|---|---|---|---|---|---|---|---|---|---|---|---|---|---|---|
| Dewey Decimal Classification | Juvenile Fiction | Footprints International School Library Network Toul Kork Campus | Footprints International School Library Network Toul Kork Campus | 09/11/2023 | 5 | COO Fic PZ7.C76982 | FIS04932 | 04/08/2024 | 03/19/2024 | 09/11/2023 | Books |
